| 000 | 00726nam a22002057a 4500 | ||
|---|---|---|---|
| 999 |
_c525738 _d525738 |
||
| 003 | NUST | ||
| 005 | 20190704062259.0 | ||
| 008 | 190704b ||||| |||| 00| 0 eng d | ||
| 038 | _aIESE | ||
| 082 | _a363.7 RAF | ||
| 100 |
_aHabiba Rafi _916678 |
||
| 245 |
_aToxicity of road runoff chemicals towards common carp (Cyprinus carpio) _cHabiba Rafi |
||
| 260 |
_aIslamabad _bIESE (SCEE) NUST _c2018 |
||
| 300 |
_a67p. _bH.B |
||
| 440 |
_aMS Environmental Science _91724 |
||
| 500 | _aThesis MS ES | ||
| 650 |
_aEnvironmental Science _91725 |
||
| 700 | _4Dr. Imran Hashmi (Supervisor) | ||
| 942 |
_2ddc _cTHE _kIESE |
||